00944nam a22001815i 4500001000700000003000900007005001700016008004100033040002000074100002400094245036700118260005200485300008000537600003900617700002000656700003400676852005200710156391ES-MaACL20230906210410.0951211s1794 sp |||| | spa d aEUS bspa cEUS1 aJoinville, Jean de.10aCrónica de San Luis, Rey de Francia, nieto del Rey D. Alfonso el VIII de Castilla / ccompuesta en francés por el señor de Joinville ; traducida al castellano ... por Jacques Ledel ... ; impresa en Toledo por Francisco de Guzmán en el año de 1567 y ahora nuevamente publicada con un discurso preliminar y varias notas ... por Josef Cornide de Saavedra. aEn Madrid : ben la imprenta de Sancha, c1794. a[2], LXIV, 423 p., [1] h. de grab., [1] h. de map. pleg. : bgrab. ; c4º.14aLuis bIX cRey de Francia, Santo.1 aLedel, Jacques.1 aCornide, José (d1734-1803) aES-MaACLjR-835 z-- Enc. hol. xOlim: G-733